Statistics for World Cities: Only Vowels

Click here to take the quiz!

General Stats

  • This quiz has been taken 19 times
    (5 since last reset)
  • The average score is 8 of 29

Answer Stats

HintAnswer% Correct
OOTokyo
75%
AEAthens
50%
UAIDubai
50%
OOHong Kong
50%
IAUIstanbul
50%
OAEELos Angeles
50%
AIParis
50%
OERome
50%
EOUSeoul
50%
AEAAmsterdam
25%
AOBangkok
25%
EIIBeijing
25%
UEBrussels
25%
AIOCairo
25%
AOLagos
25%
EIOIYMexico City
25%
OOMoscow
25%
EONew York
25%
IOEAEIORio de Janeiro
25%
AAIShanghai
25%
OOOToronto
25%
EIBerlin
0%
AEOCapetown
0%
AADhaka
0%
EUAEJerusalem
0%
AAIKarachi
0%
OOLondon
0%
UAIMumbai
0%
EEINew Delhi
0%

Score Distribution

Percentile by Number Answered

Percent of People with Each Score

Your Score History

You have not taken this quiz since the last reset